<?xml version="1.0" encoding="UTF-8"?>
<record
    xmlns:xsi="http://www.w3.org/2001/XMLSchema-instance"
    xsi:schemaLocation="http://www.loc.gov/MARC21/slim http://www.loc.gov/standards/marcxml/schema/MARC21slim.xsd"
    xmlns="http://www.loc.gov/MARC21/slim">

  <leader>01824    a2200157   4500</leader>
  <controlfield tag="003">OSt</controlfield>
  <controlfield tag="005">20260206135713.0</controlfield>
  <controlfield tag="008">260206b        |||||||| |||| 00| 0 eng d</controlfield>
  <datafield tag="020" ind1=" " ind2=" ">
    <subfield code="a">9788197237737</subfield>
  </datafield>
  <datafield tag="100" ind1=" " ind2=" ">
    <subfield code="a">&#x939;&#x930;&#x940; &#x930;&#x902;.</subfield>
    <subfield code="9">216655</subfield>
  </datafield>
  <datafield tag="245" ind1=" " ind2=" ">
    <subfield code="a">&#x917;&#x94B;&#x935;&#x94D;&#x92F;&#x93E;&#x924;&#x940;&#x932; &#x927;&#x930;&#x94D;&#x92E;&#x93E;&#x902;&#x924;&#x930; &#x915;&#x925;&#x93E; &#x906;&#x923;&#x93F; &#x935;&#x94D;&#x92F;&#x925;&#x93E; </subfield>
  </datafield>
  <datafield tag="260" ind1=" " ind2=" ">
    <subfield code="b">&#x92D;&#x93E;&#x930;&#x924;&#x940;&#x92F;  &#x935;&#x93F;&#x91A;&#x93E;&#x930;  &#x938;&#x93E;&#x927;&#x928;&#x93E;  &#x92A;&#x94D;&#x930;&#x915;&#x93E;&#x936;&#x928; </subfield>
    <subfield code="c">2024</subfield>
    <subfield code="a">&#x92A;&#x941;&#x923;&#x947; </subfield>
  </datafield>
  <datafield tag="300" ind1=" " ind2=" ">
    <subfield code="a">176pp.</subfield>
  </datafield>
  <datafield tag="520" ind1=" " ind2=" ">
    <subfield code="a">&#x917;&#x94B;&#x935;&#x94D;&#x92F;&#x93E;&#x924;&#x940;&#x932; &#x927;&#x930;&#x94D;&#x92E;&#x93E;&#x902;&#x924;&#x930; &#x915;&#x925;&#x93E; &#x906;&#x923;&#x93F; &#x935;&#x94D;&#x92F;&#x925;&#x93E;- &#x932;&#x947;&#x916;&#x915;- &#x930;&#x902;&#x917;&#x93E; &#x939;&#x930;&#x940;, &#x905;&#x928;&#x941;&#x935;&#x93E;&#x926; &#x938;&#x941;&#x928;&#x947;&#x924;&#x94D;&#x930;&#x93E; &#x91C;&#x94B;&#x917; &#x92A;&#x943;&#x937;&#x94D;&#x920; &#x2013; &#x967;&#x96D;&#x968;, &#x92E;&#x942;&#x932;&#x94D;&#x92F; &#x968;&#x966;&#x966; &#x92A;&#x94B;&#x930;&#x94D;&#x924;&#x941;&#x917;&#x940;&#x91C; &#x935;&#x938;&#x93E;&#x939;&#x924; &#x92A;&#x94D;&#x930;&#x936;&#x93E;&#x938;&#x928; &#x906;&#x923;&#x93F; &#x91A;&#x930;&#x94D;&#x91A; &#x92F;&#x93E;&#x902;&#x928;&#x940; &#x927;&#x930;&#x94D;&#x92E;&#x928;&#x93F;&#x937;&#x94D;&#x920; &#x939;&#x93F;&#x902;&#x926;&#x941;&#x902;&#x935;&#x930; &#x932;&#x93E;&#x926;&#x932;&#x947;&#x932;&#x94D;&#x92F;&#x93E; &#x915;&#x94D;&#x930;&#x942;&#x930; &#x928;&#x930;&#x938;&#x902;&#x939;&#x93E;&#x930;&#x93E;&#x91A;&#x940; &#x915;&#x939;&#x93E;&#x923;&#x940;. &#x917;&#x94B;&#x935;&#x93E; &#x907;&#x902;&#x915;&#x94D;&#x935;&#x940;&#x91C;&#x940;&#x936;&#x928; &#x926;&#x94D;&#x935;&#x93E;&#x930;&#x947; &#x915;&#x947;&#x932;&#x947;&#x932;&#x93E; &#x915;&#x94D;&#x930;&#x942;&#x930; &#x91B;&#x933; &#x906;&#x923;&#x93F; &#x905;&#x924;&#x94D;&#x92F;&#x93E;&#x91A;&#x93E;&#x930;. &#x906;&#x92A;&#x932;&#x94D;&#x92F;&#x93E; &#x927;&#x930;&#x94D;&#x92E; &#x930;&#x915;&#x94D;&#x937;&#x923;&#x93E;&#x930;&#x94D;&#x925; &#x92E;&#x93E;&#x924;&#x943;&#x92D;&#x942;&#x92E;&#x940; &#x938;&#x94B;&#x921;&#x942;&#x928; &#x92A;&#x933;&#x942;&#x928; &#x91C;&#x93E;&#x935;&#x947; &#x932;&#x93E;&#x917;&#x932;&#x947;&#x932;&#x94D;&#x92F;&#x93E;, &#x905;&#x938;&#x939;&#x93E;&#x92F; &#x92A;&#x930;&#x93F;&#x938;&#x94D;&#x925;&#x93F;&#x924;&#x940;&#x924;&#x939;&#x940; &#x932;&#x922;&#x93E; &#x926;&#x947;&#x923;&#x93E;&#x931;&#x94D;&#x92F;&#x93E;, &#x938;&#x93E;&#x921;&#x947;&#x91A;&#x93E;&#x930; &#x936;&#x924;&#x915;&#x947; &#x92F;&#x93E; &#x92A;&#x930;&#x915;&#x940;&#x92F; &#x935;&#x930;&#x94D;&#x91A;&#x938;&#x94D;&#x935;&#x93E;&#x932;&#x93E; &#x936;&#x94C;&#x930;&#x94D;&#x92F;&#x93E;&#x928;&#x947; &#x924;&#x94B;&#x902;&#x921; &#x926;&#x947;&#x923;&#x93E;&#x931;&#x94D;&#x92F;&#x93E;, &#x928;&#x93E;&#x915;&#x93E;&#x930;&#x923;&#x93E;&#x931;&#x94D;&#x92F;&#x93E; &#x939;&#x93F;&#x902;&#x926;&#x942;&#x902;&#x91A;&#x940; &#x915;&#x939;&#x93E;&#x923;&#x940;. &#x930;&#x93E;. &#x938;&#x94D;&#x935;. &#x938;&#x902;&#x918;&#x93E;&#x91A;&#x947; &#x924;&#x924;&#x94D;&#x915;&#x93E;&#x932;&#x940;&#x928; &#x905;. &#x92D;&#x93E;. &#x92C;&#x94C;&#x926;&#x94D;&#x927;&#x93F;&#x915; &#x92A;&#x94D;&#x930;&#x92E;&#x941;&#x916; &#x92F;&#x93E;&#x902;&#x928;&#x940; &#x938;&#x916;&#x94B;&#x932; &#x938;&#x902;&#x936;&#x94B;&#x927;&#x928;&#x93E;&#x935;&#x930; &#x906;&#x927;&#x93E;&#x930;&#x93F;&#x924; &#x917;&#x94D;&#x930;&#x902;&#x925;.</subfield>
  </datafield>
  <datafield tag="942" ind1=" " ind2=" ">
    <subfield code="c">BK</subfield>
    <subfield code="2">ddc</subfield>
  </datafield>
  <datafield tag="999" ind1=" " ind2=" ">
    <subfield code="c">370200</subfield>
    <subfield code="d">370200</subfield>
  </datafield>
  <datafield tag="952" ind1=" " ind2=" ">
    <subfield code="0">0</subfield>
    <subfield code="1">0</subfield>
    <subfield code="2">ddc</subfield>
    <subfield code="4">0</subfield>
    <subfield code="7">0</subfield>
    <subfield code="8">MCA</subfield>
    <subfield code="a">001</subfield>
    <subfield code="b">001</subfield>
    <subfield code="d">2026-02-03</subfield>
    <subfield code="e">188</subfield>
    <subfield code="g">140.00</subfield>
    <subfield code="l">0</subfield>
    <subfield code="p">KBJP-BK-3014</subfield>
    <subfield code="r">2026-02-03 00:00:00</subfield>
    <subfield code="v">200.00</subfield>
    <subfield code="w">2026-02-03</subfield>
    <subfield code="y">BK</subfield>
    <subfield code="z">3014</subfield>
  </datafield>
</record>
